00501nam a2200169Ia 4500003000900000008004100009020001800050040001600068080001300084100002200097245010300119260004800222300001500270650001600285650001900301650001100320IN-BaIIA211028s9999 xx 000 0 eng d a0-521-58868-5 cIIA Library a535bSHA aShannon, Robert R 4aThe art and science of optical designcRobert R. Shannon  aCambridgebCambridge University Pressc1997 axiv, 614p. aAbberations aOptical design aOptics